000 01149nam a22003497a 4500
003 CHAP
005 20220329133918.0
008 971013s1963 r 00010 d
010 _a12613
011 _a13585
035 _a17657
040 _cCHAP
090 _aFolleto 4303
100 0 0 _aBattan, Louis J.
_910825
245 _aObservations of convective clouds by means of pulsed-doppler radar
260 _a(Tucson) :
_bUniversity of Arizona. Institute of Atmospheric Physics,
_c1963
300 _a20 h.
_b: ilus.
490 _aScientific report
_v; 20
590 _aBATCH-UPD
_b10
_c20130110
_lUCH01
_h0145
590 _aBATCH-UPD
_b10
_c20130110
_lUCH01
_h1051
590 _aBATCH-UPD
_b10
_c20130410
_lUCH01
_h0648
590 _aBATCH-UPD
_b10
_c20130914
_lUCH01
_h1707
590 _aCONVERSION
_b10
_c20130109
_lUCH01
_h1308
650 1 4 _aMeteorología
_xAparatos e instrumentos.
_975196
650 1 4 _aNubes.
_982111
700 0 _aKassander, A. Robert.
_962778
700 0 _aTheiss, John B.
_9112743
830 0 _aScientific report
_v; 20
_9103331
901 _aBK
942 _cFOLL
949 _aFolleto 4303
_bBC
_cFOLL
_d-41507
_eTS1
_i17657
_si
999 _c12613
_d12613